<?xml version="1.0" encoding="UTF-8"?>
<collection xmlns:xsi="http://www.w3.org/2001/XMLSchema-instance" xsi:schemaLocation="http://www.loc.gov/MARC21/slim http://www.loc.gov/standards/marcxml/schema/MARC21slim.xsd" xmlns="http://www.loc.gov/MARC21/slim">
 <record>
  <leader>00000cam a22000003i 4500</leader>
  <controlfield tag="001">UP-1685594773861907275</controlfield>
  <controlfield tag="003">Buklod</controlfield>
  <controlfield tag="005">20240427160348.0</controlfield>
  <controlfield tag="006">ta    rb   |||| u|</controlfield>
  <controlfield tag="007">ta</controlfield>
  <controlfield tag="008">130215s        xx     d     r    |||| u|</controlfield>
  <datafield tag="020" ind1=" " ind2=" ">
   <subfield code="a">9780470437742 (hbk.)</subfield>
  </datafield>
  <datafield tag="035" ind1=" " ind2=" ">
   <subfield code="a">(iLib)UPBAG-00009830640</subfield>
  </datafield>
  <datafield tag="090" ind1=" " ind2=" ">
   <subfield code="a">HV 8079 F7</subfield>
   <subfield code="b">K73 2011</subfield>
  </datafield>
  <datafield tag="100" ind1="1" ind2=" ">
   <subfield code="a">Kranacher, Mary-Jo</subfield>
   <subfield code="d">1952-</subfield>
   <subfield code="e">author.</subfield>
  </datafield>
  <datafield tag="245" ind1="1" ind2="0">
   <subfield code="a">Forensic accounting and fraud examination</subfield>
   <subfield code="c">Mary-Jo Kranacher, Richard A. (Dick) Riley, Jr., Joseph T. Wells.</subfield>
  </datafield>
  <datafield tag="264" ind1=" " ind2="1">
   <subfield code="a">Hoboken, New Jersey</subfield>
   <subfield code="b">Wiley</subfield>
   <subfield code="c">[2011]</subfield>
  </datafield>
  <datafield tag="300" ind1=" " ind2=" ">
   <subfield code="a">xviii, 542 pages</subfield>
   <subfield code="b">illustrations</subfield>
   <subfield code="c">29 cm. +</subfield>
   <subfield code="e">1 computer optical disc (4 3/4 in.) GRC-ACD#-081</subfield>
  </datafield>
  <datafield tag="336" ind1=" " ind2=" ">
   <subfield code="a">text</subfield>
   <subfield code="2">rdacontent</subfield>
  </datafield>
  <datafield tag="337" ind1=" " ind2=" ">
   <subfield code="a">unmediated</subfield>
   <subfield code="2">rdamedia</subfield>
  </datafield>
  <datafield tag="338" ind1=" " ind2=" ">
   <subfield code="a">volume</subfield>
   <subfield code="2">rdacarrier</subfield>
  </datafield>
  <datafield tag="504" ind1=" " ind2=" ">
   <subfield code="a">Includes bibliographical references and index.</subfield>
  </datafield>
  <datafield tag="505" ind1="0" ind2=" ">
   <subfield code="a">Core foundation related to fraud examination and financial forensics -- Careers in fraud examination and financial forensics -- Who commits fraud and why : criminology and ethics -- Complex frauds and financial crimes -- Cybercrime : computer and internet fraud -- Legal, regulatory, and professional environment -- Fraud detection : red flags and targeted risk assessment -- Detection and investigations -- Effective interviewing and interrogation -- Using information technology for fraud examination and financial forensics -- Cash receipt schemes and other asset misappropriations -- Cash disbursement schemes -- Corruption and the human factor -- Financial statement fraud -- Consulting, litigation support, and expert witnesses : damages, valuations, and other engagements -- Remediation and litigation advisory services.</subfield>
  </datafield>
  <datafield tag="520" ind1=" " ind2=" ">
   <subfield code="a">A new resource that meets the demand for detailed information on forensic accounting. Presents comprehensive coverage of fraud detection and deterrence, incorporating the most current information in the field This easy to read, comprehensive textbook includes case study examples to clearly explain technical concepts and bring the material to life.</subfield>
  </datafield>
  <datafield tag="650" ind1=" " ind2="0">
   <subfield code="a">Fraud investigation.</subfield>
  </datafield>
  <datafield tag="650" ind1=" " ind2="0">
   <subfield code="a">Forensic accounting.</subfield>
  </datafield>
  <datafield tag="650" ind1=" " ind2="0">
   <subfield code="a">Fraud</subfield>
   <subfield code="x">Prevention.</subfield>
  </datafield>
  <datafield tag="700" ind1="1" ind2=" ">
   <subfield code="a">Riley, Richard</subfield>
   <subfield code="d">1962-</subfield>
   <subfield code="e">author.</subfield>
  </datafield>
  <datafield tag="700" ind1="1" ind2=" ">
   <subfield code="a">Wells, Joseph T.</subfield>
   <subfield code="e">author.</subfield>
  </datafield>
  <datafield tag="852" ind1="0" ind2=" ">
   <subfield code="a">UPBAG</subfield>
   <subfield code="b">GRC</subfield>
   <subfield code="h">HV 8079 F7 K73 2011</subfield>
  </datafield>
  <datafield tag="852" ind1="0" ind2=" ">
   <subfield code="a">UPBAG</subfield>
   <subfield code="b">GRC</subfield>
   <subfield code="h">GRC-ACD#-081</subfield>
  </datafield>
  <datafield tag="942" ind1=" " ind2=" ">
   <subfield code="a">Book</subfield>
  </datafield>
 </record>
</collection>
